000 00554nam a2200181Ia 4500
005 20250326145137.0
008 250326s9999 xx 000 0 und d
037 _aTextbook
040 _aFMSL
_beng
_cFMSL
041 _aeng
_2eng
084 _aT4:3ob(X:9) P9
_qFMSL
100 _aBiech E
_9735175
245 0 _aConsultant's quick start guide:action plan for your first year in business
_cBiech E
250 _a2
260 _aSan Francisco
_bSan Francisco, Pfeiffer
_c2009
942 _cTB
_hT4:3ob(X:9) P9
999 _c1306528
_d1306528